| 000 | | | 04049cam0a2200277#x 450 |
| 001 | | | 23b5c5b9-4507-4511-b550-cffb1720f87c |
| 005 | | | 20200416123916.0 |
| 100 | ## | $a | 20200408j19380204k###0rusy50 ca |
| 101 | 0# | $a | rus |
| 102 | ## | $a | DE |
| 122 | 0# | $a | d19380204## |
| 200 | 1# | $a | Шифртелеграмма временного поверенного в делах СССР в Германии Г. А. Астахова в НКИД СССР о закупках Югославией германского оружия и содействии британских дипломатов германо-югославскому сближению |
| | $j | 4 февраля 1938 г. |
| 251 | ## | $c | Документ |
| 300 | ## | $a | Заверенная копия |
| 461 | #0 | $1 | 2001 |
| | $a | Ф. 059 |
| | $1 | 251 |
| | $c | Фонд |
| | $1 | 852 |
| | $j | 059 |
| 462 | #0 | $1 | 2001 |
| | $a | Оп. 1. П. 271 |
| | $1 | 251 |
| | $c | Опись |
| | $1 | 852 |
| | $j | 1. П. 271 |
| 462 | #0 | $1 | 2001 |
| | $a | Д. 1882 |
| | $v | Л. 43 |
| | $1 | 251 |
| | $c | Дело |
| | $1 | 852 |
| | $j | 1882 |
| 605 | ## | $a | Вторая мировая война в архивных документах (Комплекс оцифрованных архивных документов, кино- и фотоматериалов) |
| | $l | коллекция |
| | $2 | prlib_sh |
| | $3 | LIBNET\UAF\0000088514 |
| 617 | ## | $2 | prlib_sh |
| | $a | СССР |
| | $f | 1938 |
| 617 | ## | $2 | prlib_sh |
| | $a | Германия |
| | $f | 1938 |
| 617 | ## | $2 | prlib_sh |
| | $a | Югославия |
| | $f | 1938 |
| 801 | #0 | $a | RU |
| | $b | ПБ им. Б.Н. Ельцина |
| | $c | 20200408 |
| 801 | #1 | $a | RU |
| | $b | ПБ им. Б.Н. Ельцина |
| | $c | 20200408 |
| | $2 | rusmarc |
| 801 | #2 | $a | RU |
| | $b | ПБ им. Б.Н. Ельцина |
| | $c | 20200416 |
| | $2 | rusmarc |
| 850 | ## | $a | Архив внешней политики Российской Федерации |
| 852 | ## | $a | АВП РФ |
| | $j | Л. 43 |
| 035 | ## | $a | LIBNET\0001068823 |
| 937 | ## | $d | 144052016 |
| | $h | Архив внешней политики Российской Федерации |
| 856 | 4# | $u | http://readingroom.main.prlib.ru/item.aspx?id_node=n144052016&mode=full |